000 00289nam a22001337a 4500
008 170927b xxu||||| |||| 00| 0 eng d
020 _a9780321045911
041 _aeng
080 _26th
_a37
100 _a46
101 _aEDU
245 _aBRIDGING THE GAP
_cSMITH,B.D
942 _2udc
_cBK
999 _c30104
_d30104